| 000 | 00378nam a2200169Ia 4500 | ||
|---|---|---|---|
| 008 | 170705s9999 xx 000 0 und d | ||
| 020 | _a9780545200400 | ||
| 245 | _aSheep / | ||
| 245 | _cHobbs Valerie. | ||
| 260 | _aNew York : | ||
| 260 | _bScholastic, | ||
| 260 | _c2006 | ||
| 300 | _a115 pages : | ||
| 300 | _bcolor illustration ; | ||
| 300 | _c19cm. | ||
| 500 | _a660 | ||
| 999 |
_c336202 _d336202 |
||